| 000 | 00861nas a2200277 i 4500 | ||
|---|---|---|---|
| 001 | 1044 | ||
| 003 | ES-MaACL | ||
| 005 | 20250731030153.0 | ||
| 007 | t| | ||
| 008 | 950801d19321936sp | | 1 ||pa d | ||
| 022 | _a2484-5337 | ||
| 080 | _a63 | ||
| 245 | 0 | 0 |
_aEconomía y técnica agrícola / _cDirección General de Agricultura. |
| 260 |
_aMadrid : _bMinisterio de Agricultura, _c1932-1936. |
||
| 300 |
_a4 v. : _bgrab. ; _c34 y 30 cm. |
||
| 310 | _aMensual | ||
| 362 | 0 | _aAño 1, n. 1 (mayo 1932)-(circa. 1936) | |
| 650 | 1 | 7 |
_aEconomía _2embne _912006 |
| 650 | 1 | 7 |
_aAgricultura _2embne _99670 |
| 650 | 4 |
_aEconomía agraria. _9165334 |
|
| 650 | 4 |
_aAgricultura- _xInnovaciones tecnológicas. _9165335 |
|
| 710 | 1 |
_aEspaña. _bDirección General de Agricultura _93699 |
|
| 852 |
_aES-MaACL _jHem-640 |
||
| 866 | 0 | _o1932-35(1936) | |
| 999 |
_c1044 _d1044 |
||